| 000 | 00570nam a2200193 i 4500 | ||
|---|---|---|---|
| 001 | 56055 | ||
| 003 | ES-MaACL | ||
| 007 | t| | ||
| 008 | 031002s1953 sp ||||1| spa d | ||
| 100 | 1 |
_aDíaz del Pino, Alfonso. _944260 |
|
| 245 | 1 | 0 |
_aCereales de primavera / _cAlfonso Díaz del Pino. |
| 250 | _a[1ª ed.]. | ||
| 260 |
_aBarcelona : _bSalvat, _c1953 ( _fImp. Hispano-Americana) |
||
| 300 |
_aXIX, 458 p. : _bil. ; _c23 cm. |
||
| 490 | 1 | _aAgrícola Salvat | |
| 830 | 0 |
_aAgrícola Salvat _9181573 |
|
| 852 |
_aES-MaACL _jC-6421 _bR.35481 |
||
| 999 |
_c56055 _d56055 |
||